Statistiques concernant Circonscriptions législatives de la région Bretagne sur une carte

Cliquez ici pour prendre le quiz!

Statistiques générales

  • Ce quiz a été pris 82 fois
  • Le résultat moyen est 22 sur 27

Réponses sur la Carte

Les réponses sont colorées sur une échelle allant du rouge au vert en fonction du pourcentage des utilisateurs qui les ont devinées à leur premier essai. Vous pouvez retrouver ces pourcentages ci-dessous.
 

Statistiques - réponses

NuméroCantons inclus dans la circonscription% Correct
3Bécherel, Combourg, Montfort-sur-Meu, Montauban-de-Bretagne, Rennes Nord-Ouest, Saint-Méen-le-Grand, Tinténiac
100%
2Betton, Cesson-Sévigné, Hédé, Liffré, Rennes Nord-Est, Rennes Est
100%
2Brest-Bellevue, Brest-Cavale-Blanche-Bohars-Guilers, Brest Centre, Brest-l'Hermitage-Gouesnou, Brest-Kerichen, Brest-Lambezellec, Brest-Saint-Marc
100%
3Brest-Plouzané, Brest-Recouvrance, Brest-Saint-Pierre, Plabennec, Ploudalmézeau, Saint-Renan
100%
1Bruz, Rennes-le-Blosne, Rennes-Brequigny, Rennes Centre-Sud, Rennes Sud-Est
100%
8Mordelles, Rennes Centre, Rennes Centre-Ouest, Rennes Nord, Rennes Sud-Ouest
100%
1Briec, Fouesnant, Quimper I, Quimper II, Quimper III
99%
5Groix, Lanester, Lorient Centre, Lorient Nord, Lorient Sud, Ploemeur
97%
7Cancale, Châteauneuf-d'Ille-et-Vilaine, Dinard, Dol-de-Bretagne, Saint-Malo Nord, Saint-Malo Sud
96%
1Châtelaudren, Langueux, Plérin, Ploufragan, Saint-Brieuc Nord, Saint-Brieuc Ouest, Saint-Brieuc Sud
95%
1Muzillac, Sarzeau, Vannes Centre, Vannes Est, Vannes Ouest
95%
6Antrain, Fougères Nord, Fougères Sud, Louvigné-du-Désert, Pleine-Fougères, Saint-Aubin-d'Aubigné, Saint-Aubin-du-Cormier, Saint-Brice-en-Coglès
85%
2Broons, Caulnes, Dinan Est, Dinan Ouest, Evran, Matignon, Plancoët, Plélan-le-Petit, Pléneuf-Val-André, Ploubalay
84%
8Arzano, Bannalec, Concarneau, Pont-Aven, Quimperlé, Rosporden, Scaër
82%
5Etables-sur-Mer, Lannion, Lézardrieux, Paimpol, Perros-Guirec, Plouha, Pontrieux, La Roche-Derrien, Tréguier
82%
4Bégard, Belle-Isle-en-Terre, Bourbriac, Callac, Gouarec, Guingamp, Lanvollon, Maël-Carhaix, Plestin-les-Grèves, Plouagat, Plouaret, Rostrenen, Saint-Nicolas-du-Pélem
81%
3Baud, Elven, Grand-Champ, Locminé, Pontivy, Rohan, Saint-Jean-Brévelay
79%
6Carhaix-Plouguer, Châteaulin, Châteauneuf-du-Faou, Crozon, Daoulas, Le Faou, Huelgoat, Ouessant, Pleyben
79%
4Lanmeur, Morlaix, Ploudiry, Plouigneau, Plouzévédé, Saint-Pol-de-Léon, Saint-Thégonnec, Sizun, Taulé
78%
4Bain-de-Bretagne, Grand-Fougeray, Guichen, Maure-de-Bretagne, Pipriac, Plélan-le-Grand, Redon, Le Sel-de-Bretagne
77%
2Auray, Belle-Ile, Belz, Pluvigner, Port-Louis, Quiberon
73%
5Argentré-du-Plessis, Châteaubourg, Châteaugiron, La Guerche-de-Bretagne, Janzé, Retiers, Vitré Est, Vitré Ouest
64%
7Douarnenez, Guilvinec, Plogastel-Saint-Germain, Pont-Croix, Pont-l'Abbé
59%
5Guipavas, Landerneau, Landivisiau, Lannilis, Lesneven, Plouescat
58%
3La Chèze, Collinée, Corlay, Jugon-les-Lacs, Lamballe, Loudéac, Merdrignac, Moncontour, Mûr-de-Bretagne, Ploeuc-sur-Lié, Plouguenast, Quintin, Uzel
53%
4Allaire, La Gacilly, Guer, Josselin, Malestroit, Mauron, Ploërmel, Questembert, La Roche-Bernard, Rochefort-en-Terre, La Trinité-Porhoët
52%
6Cléguérec, Le Faouët, Gourin, Guémené-sur-Scorff, Hennebont, Plouay, Pont-Scorff
47%

Distribution des résultats

Percentile par nombre de réponses

% des personnes avec chaque résultat

Votre développement - résultats

Vous n’avez pas pris ce quiz